Hospodárne využívajme prírodné zdroje
Riaditeľ sekcie poľnohospodárstva a potravinárstva Ministerstva pôdohospodárstva SR Ing. Vincent Biroš o organickom poľnohospodárstve, o biopotravinách. Rozvoj ekologického myslenia v porovnaní so západnou Európou a s bývalými socialistickými štátmi. Podpora štátu a rozvoj organického poľnohospodárs...
Salvato in:
| Autore principale: | |
|---|---|
| Natura: | Capitolo di libro |
| Lingua: | slovacco |
| Soggetti: | |
| Tags: |
Nessun Tag, puoi essere il primo ad aggiungerne!!
|
MARC
| LEADER | 00000naa a2200000 4500 | ||
|---|---|---|---|
| 001 | r017147 | ||
| 005 | 20221213095718.5 | ||
| 041 | 0 | |a slo | |
| 044 | |a SK | ||
| 245 | 1 | 0 | |a Hospodárne využívajme prírodné zdroje |c A. Majkútová |
| 520 | |a Riaditeľ sekcie poľnohospodárstva a potravinárstva Ministerstva pôdohospodárstva SR Ing. Vincent Biroš o organickom poľnohospodárstve, o biopotravinách. Rozvoj ekologického myslenia v porovnaní so západnou Európou a s bývalými socialistickými štátmi. Podpora štátu a rozvoj organického poľnohospodárstva. Zabezpečenie systému kvality organických potravín. | ||
| 610 | 2 | 0 | |a Slovensko |
| 610 | 2 | 0 | |a Európa |
| 610 | 2 | 0 | |a poľnohospodárstvo |
| 610 | 2 | 0 | |a ekológia |
| 610 | 2 | 0 | |a bioprodukty |
| 610 | 2 | 0 | |a potraviny |
| 610 | 2 | 0 | |a zdroje prírodné |
| 610 | 2 | 0 | |a výživa |
| 610 | 2 | 0 | |a Medzinárodná federácia hnutí organického poľnohospodárstva |
| 610 | 2 | 0 | |a IFOAM |
| 100 | 1 | |a Majkútová, A. | |